000 01686nam a2200229Ia 4500
008 260220t1972||||xx |||||||||||||| ||spa||
040 _aPY-SlUNAC
_bspa
_erda
041 _aspa
082 _a631.7
_bM468m
245 0 _aMedición del agua de riego
264 _aCiudad de México :
_bDiana,
_c℗1972.
300 _a1 volumen
520 _aEl libro "Medición del agua de riego" de Diana, publicado en 1972, se centra en la importancia de la medición precisa del agua utilizada en sistemas de riego en la Ciudad de México. A través de un análisis exhaustivo, la autora aborda las técnicas y herramientas disponibles para evaluar el consumo de agua en la agricultura, destacando la necesidad de optimizar el uso de este recurso vital en un entorno urbano en constante crecimiento. Se discuten aspectos técnicos relacionados con la instalación y mantenimiento de dispositivos de medición, así como la interpretación de datos para mejorar la eficiencia hídrica. Además, el texto incluye recomendaciones para la implementación de políticas de gestión del agua que promuevan la sostenibilidad y la conservación. La obra subraya el papel crucial de la medición del agua en la planificación agrícola, contribuyendo así al desarrollo de prácticas más responsables y a la reducción del desperdicio de este recurso esencial. En conjunto, el libro ofrece un enfoque integral sobre la gestión del agua de riego en contextos urbanos.
653 _aAgua
653 _aMedición
653 _aRiego
942 _b2026/02/17
_cBK
999 _c8630
_d8630